000
00317 a2200133 4500
000
nam a22 7a 4500
100
_a
Raje, V N
110
_a
Raje, V N
245
_a
Human Anatomy and Physiology
250
_a
Latest edition
260
_b
CBS Publication
_c
2026
264
_b
CBS Publication
_c
2026
942
_c
BK
999
_c
393663
_d
393663